| 000 | 00593nam a2200217Ia 4500 | ||
|---|---|---|---|
| 003 | OSt | ||
| 005 | 20220923211907.0 | ||
| 006 | a|||||r|||| 00| 0 | ||
| 007 | ta | ||
| 008 | Pun | ||
| 024 | _a69,983 | ||
| 037 | _cTextual | ||
| 040 |
_aARTS _cARTS _bPun |
||
| 041 |
_2Pun _aPun |
||
| 082 | _aQ8441:2K66,D:g, 153K6 | ||
| 100 | _aਜੱਗੀ, ਰਤਨ ਸਿੰਘ | ||
| 245 | 0 | _aਦਸਮ ਗ੍ਰੰਥ ਦਾ ਕਰਤ੍ਰਿਤਵ | |
| 260 | _c1966 | ||
| 942 |
_hQ8441:2K66,D:g, 153K6 _cTEXL _2CC |
||
| 999 |
_c304445 _d304445 |
||